000 00849nas a2200265 4500
001 BR7001034
003 BR-BrBNA
005 20231205082319.0
007 ta
008 230509b bl.|||p| |||| 00| 00por d
040 _aBR-BrBNA
_bpor
_cBiblioteca Nacional de Agricultura
041 _a(Pt)
072 _aH20
100 1 _aMatta, E.A.F. da
100 1 _aPereira, R. de P.
245 1 _aDoenca da tala uma nova molestia do dendezeiro (Elaeis guineensis Jacq)no estado da Bahia, Brasil [doenca de planta, diagnostico]
650 _aDENDE
650 _aDOENCA DE PLANTA
650 _aDISTURBIO FISIOLOGICO
650 _aDIAGNOSTICO
650 _aBAHIA
773 0 _tBoletim do Instituto Biologico da Bahia (Brazil)
_xISSN 0020-3661
_g(1970), v. 9(1) p. 69-75
_wBR7001034
909 _a202311
_bLúcia
_c55
_dLúcia Elande
942 _2AGRIS
_n0
_cANA
999 _c90810
_d90810